Top 10 Tallest Buildings in the World - Statistics

General Stats
  • This quiz has been taken 64 times
  • The average score is 3 of 10
Answer Stats
Rank Building % Correct
1 Burj Khalifa
100%
7 One World Trade Center
63%
3 Shanghai Tower
47%
6 Lotte World Tower
29%
4 Makkah Royal Clock Tower
27%
5 Ping An Finance Center
19%
2 Merdeka 118
17%
8 Guangzhou CTF Finance Center
14%
9 Tianjin CTF Finance Center
8%
10 CITIC Tower
5%
No matching quizzes found
Score Distribution
Percent of People with Each Score
Percentile by Number Answered
Your Score History
You have not taken this quiz